000 00735nam a22002292 4500
001 0000003854
005 20151217154342.0
008 070515s xx 000 0 eng d
020 _a0471175749 :
_cGBP 38.95
040 _aKABU
_cKABU
050 0 _aQD31.2
_b.H65 1998
100 1 _aHolum, John R.
_@0000154058
245 1 0 _aFundamentals of general, organic, and biological chemistry /
_cJohn R. Holum.
250 _a6th ed.
260 _aHoboken, NJ :
_bJohn Wiley & Sons,
_c1998.
300 _axvi, 800, [102] p. :
_bill. ;
_c26 cm.
650 0 _aChemistry.
_@0000148202
908 _a070515
950 _@1
999 _c10703
_d10703